Statystyki dla Zgadnij postacie po opisie z Wiedźmin 3 Dziki gon

Kliknij tutaj aby rozwiązać quiz!

Ogólne statystyki

  • Ten quiz został rozwiązany 337 razy
  • Średni wynik to 11 z 13

Statystyki odpowiedzi

opispostać% Poprawnych
zwany Białym Wilkiem główny bohaterGeralt
99%
Najstarszy wiedźmin cechu wilkaVesemir
97%
ziraelCiri
96%
Bez i agrestYennefer
95%
Najlepszy przyjaciel geralta - bardJaskier
94%
Bardzo podobny do Geralta, różnił ich kolor włosów. Miał na policzku bliznęEskel
89%
l.....t l.....t ty ch**uLambert
87%
druid ze Skellige, hierofant, doradca królewskiMyszowór
84%
Dowódca Dzikiego GonuEredin
83%
zwany też Królobójcą – wiedźmin Cechu ŻmiiLetho
82%
Urodził się w 1248 roku jako syn Cracha an CraiteHjalmar
72%
pojawia się w czasie ataku na Kaer Morhen, gdzie dowodzi wojskami Dzikiego Gonu. Vesemir rani go sztyletem, ale generał Gonu zabija go, skręcając mu karkImlerith
64%
Postanowił na poważnie zająć sie gwintem - największy ch*j w novigradzieZoltan
60%

Rozkład punktacji

Percentyl według liczby udzielonych odpowiedzi

Procent ludzi z każdym wynikiem

Twoja historia wyników

Nie rozwiązałeś tego quizu